Valuation Magazine

Detalles Bibliográficos
Formato: eBook
Lenguaje:inglés
Publicado: Chicago The Appraisal Institute, 2010 -
Materias:
Acceso en línea:Acceso restringido

MARC

LEADER 00000nam a22000007a 4500
005 20191018012214.0
007 cr|||| ||||
008 191018c20109999us qr|w s|||| 0|||b1eng d
035 |a 5426 
040 |a vLex 
090 |c 9899  |d 9899 
245 0 0 |a Valuation Magazine  |h [Recurso electrn̤ico] / 
256 |a Servicio en ln̕ea 
260 |a Chicago  |b The Appraisal Institute,  |c 2010 - 
300 |a 1 recurso electrn̤ico 
310 |a Trimestral 
506 1 |a Disponible solo en los productos indicados  |d vLex Global  |d vLex Global (Academic Edition, excluding Law Schools)  |d vLex Global (Academic Edition, Law Schools) 
650 0 4 |a Derecho Pb︢lico y Administrativo  |z Estados Unidos 
740 0 |a vLex Revistas (Servicio en ln̕ea) 
856 4 0 |u http://vlex.com/source/5426  |z Acceso restringido 
942 |c REV 
999 0 |a Public and Administrative Law